000 00988cab a2200361 4500
001 ABS48805
008 090401t1993 xxu||||| |||| 00| 0 eng d
035 _a(Sirsi) u68601
041 _aeng
245 _aFocus: Merseyside to North Wales
260 _c1993
350 _a0
490 _aEstates Gazette
_v(9323) june 12 1993, 55-91(15)
650 _aALBERT DOCK
650 _aBIRKENHEAD
650 _aBOOTLE
650 _aCHANNEL TUNNEL
650 _aCHESTER
650 _aFREIGHT
650 _aLIVERPOOL
650 _aMERSEYSIDE
650 _aPROPERTY-COMMERCIAL PROPERTY-OFFICE PROPERTY-OFFICE PROPERTY MARKET
650 _aPORT OF LIVERPOOL
650 _aPROPERTY-COMMERCIAL PROPERTY-RETAIL PROPERTY-RETAIL PROPERTY MARKET
650 _aRUNCORN
650 _aSOUTHPORT
650 _aST HELENS
650 _aWARRINGTON
650 _aWREXHAM
690 _aPROPERTY-COMMERCIAL PROPERTY-COMMERCIAL PROPERTY MARKET
942 _n0
948 _c04/03/1997
999 _c43040
_d43040